[Event "Pan American-ch U20"]
[Site "Cochabamba"]
[Date "2019.08.04"]
[Round "6"]
[White "Vera Sanchez, Pavel Genaro"]
[Black "Rengifo Blancas, Renzo Jhonathan"]
[Result "0-1"]
[WhiteElo "2173"]
[BlackElo "2194"]
[PlyCount "84"]
[EventDate "2019.08.01"]
[EventType "swiss"]
[EventRounds "9"]
[EventCountry "BOL"]
[SourceTitle "EXT 2020"]
[Source "ChessBase"]
[SourceDate "2019.10.17"]
[SourceVersion "1"]
[SourceVersionDate "2019.10.17"]
[SourceQuality "1"]

1. e4 e5 2. Nf3 Nc6 3. Bc4 Bc5 4. c3 Nf6 5. d3 a6 6. a4 0-0 7. 0-0 h6 8. b4 Bb6 9. Re1 d6 10. Nbd2 d5 11. exd5 Nxd5 12. Ne4 Be6 13. Qc2 Re8 14. Bd2 f6 15. h3 Kh8 16. Ng3 Qd7 17. Ba2 Nf4 18. Bxf4 exf4 19. Bxe6 Rxe6 20. Rxe6 Qxe6 21. Re1 Ne5 22. Nxe5 fxe5 23. Nf1 f3 24. d4 fxg2 25. Ng3 Qc4 26. dxe5 Rf8 27. Ne4 Qe6 28. Kxg2 Qxe5 29. Re2 Qf5 30. Ng3 Qf3+ 31. Kh2 Bxf2 32. Nh1 Be3 33. Qd1 Qf4+ 34. Ng3 Bf2 35. Qd3 Qc1 36. h4 Qf4 37. Kh3 Qf3 38. Qxf3 Rxf3 39. Kg2 Rxg3+ 40. Kxf2 Rxc3 41. Re8+ Kh7 42. Rd8 b6 0-1

[Event "Pan American-ch U20"]
[Site "Cochabamba"]
[Date "2019.08.03"]
[Round "4"]
[White "Vera Sanchez, Pavel Genaro"]
[Black "Huanca, Edson"]
[Result "1-0"]
[WhiteElo "2173"]
[BlackElo "1948"]
[PlyCount "59"]
[EventDate "2019.08.01"]
[EventType "swiss"]
[EventRounds "9"]
[EventCountry "BOL"]
[SourceTitle "EXT 2020"]
[Source "ChessBase"]
[SourceDate "2019.10.17"]
[SourceVersion "1"]
[SourceVersionDate "2019.10.17"]
[SourceQuality "1"]

1. d4 Nf6 2. Nf3 e6 3. Bg5 d5 4. c4 c6 5. e3 Nbd7 6. Nc3 Qa5 7. Nd2 Bb4 8. Qc2 Ne4 9. Ndxe4 dxe4 10. Bh4 f5 11. Be2 e5 12. 0-0 exd4 13. exd4 0-0 14. f3 exf3 15. Bxf3 Nb6 16. c5 Bxc3 17. bxc3 Nd5 18. Rae1 Nxc3 19. Qb3+ Kh8 20. Qf7 Rg8 21. Re8 Be6 22. Rxe6 Qxa2 23. Re7 Qd2 24. Bf6 Qh6 25. Be5 Raf8 26. Qb3 Qe3+ 27. Kh1 Qg5 28. Rxg7 Rxg7 29. Qxc3 Rd8 30. d5 1-0